Noisy Nora / (Record no. 2392)

MARC details
000 -LEADER
fixed length control field 00859pam a2200289 a 4500
005 - DATE AND TIME OF LATEST TRANSACTION
control field 20250321084623.0
020 ## - INTERNATIONAL STANDARD BOOK NUMBER
International Standard Book Number 9780439063678
020 ## - INTERNATIONAL STANDARD BOOK NUMBER
International Standard Book Number 0803718365
040 ## - CATALOGING SOURCE
Original cataloging agency DLC
Transcribing agency DLC
Modifying agency DLC
Language of cataloging eng
050 00 - LIBRARY OF CONGRESS CALL NUMBER
Classification number PZ8.3.W465
082 00 - DEWEY DECIMAL CLASSIFICATION NUMBER
Classification number 813.54
100 1# - MAIN ENTRY--PERSONAL NAME
Personal name Wells, Rosemary
245 10 - TITLE STATEMENT
Title Noisy Nora /
Statement of responsibility, etc. with all new illustrations by Rosemary Wells
250 ## - EDITION STATEMENT
Edition statement Printed in the U.S.A
260 ## - PUBLICATION, DISTRIBUTION, ETC.
Name of publisher, distributor, etc. Scholastic
300 ## - PHYSICAL DESCRIPTION
Extent 26 unnumbered pages
Other physical details Color illustrations
Dimensions 28 cm
505 ## - FORMATTED CONTENTS NOTE
Formatted contents note G <br/>
520 ## - SUMMARY, ETC.
Summary, etc. Feeling neglected, Nora makes more and more noise to attract her parents' attention.
521 ## - TARGET AUDIENCE NOTE
Target audience note 320 <br/>
Source Lexile <br/>
521 ## - TARGET AUDIENCE NOTE
Target audience note G <br/>
Source Raz-Plus <br/>
650 #1 - SUBJECT ADDED ENTRY--TOPICAL TERM
Topical term or geographic name entry element Behavior
General subdivision Fiction.
650 #1 - SUBJECT ADDED ENTRY--TOPICAL TERM
Topical term or geographic name entry element Family life
General subdivision Fiction.
650 #1 - SUBJECT ADDED ENTRY--TOPICAL TERM
Topical term or geographic name entry element Stories in rhyme.
906 ## - LOCAL DATA ELEMENT F, LDF (RLIN)
a 7
b cbc
c orignew
d 1
e ocip
f 19
g y-gencatlg
942 ## - ADDED ENTRY ELEMENTS (KOHA)
Source of classification or shelving scheme Dewey Decimal Classification
Koha item type Books
Suppress in OPAC No
999 ## -
-- 2392
-- 2392
Holdings
Withdrawn status Lost status Source of classification or shelving scheme Damaged status Not for loan Collection Home library Current library Shelving location Date acquired Total Checkouts Full call number Barcode Date last seen Date last checked out Copy number Price effective from Koha item type
    Dewey Decimal Classification     Juvenile Fiction Footprints International School Library Network Toul Kork Campus Footprints International School Library Network Toul Kork Campus TK Primary Library Room(4th Floor), Bookcase 7, Shelves 57-60, Dark Green Books 03/21/2025   WEL 813.54 PZ8.W465 FISTK02325 03/21/2025   2 03/21/2025 Books
    Dewey Decimal Classification     Juvenile Fiction Footprints International School Library Network Toul Tom Poung Campus Footprints International School Library Network Toul Tom Poung Campus TTP Primary Green Bookshelves 03/21/2025 2 WEL 813.54 PZ8.W465 FIS02137 03/04/2024 02/26/2024 1 11/22/2023 Books